01380 a2200193 45000010006000000050017000060080041000230030015000640400040000790800064001192450072001830200018002552640053002733000019003265050722003450410008010671000023010758560088010983345820260407155626.0260407a1993 arg spa dAR-UNSa-BCEJYS aAR-UNSa-BCEJYSbspacAR-UNSa-BCEJYS a658xAdministración de empresas. Organización comercial10aAdministración de organizacionespen el umbral del tercer milenio a950-791-004-2 1aBuenos Aires :bEdiciones Interoceánicasc1993 a502 p.c24 cm. aI. Organizaciones: 1. Las organizaciones - 2. El comportamiento organizacional - 3. Los objetivos - II. Administración: 4. Los fundamentos de la administración - 5. Evaluación de las ideas en administración - III. Procesos: 7. La decisión - 8. El planeamiento - 9. La influencia y la ejecución - 10. La información y el control - IV. Estructura: 11. La estructura organizacional - 12. La función comercial - 13. La función producción - 14. La función finanzas y control - 15. La función personal - 16. Cambio y desarrollo organizacional - V. Perspectiva : 17. La administración en latinoamérica - 18. El futuro de la administración - 19. Las carreras profesionales en administración.  aspa1 aSolana, Ricardo F.41uhttps://170.210.207.44/pmb/images/libros/L125631.jpgyImagen de portadaqimage/jpeg